Símbolos Químicos - Statistics

Estatísticas Gerais
  • Esse quiz foi jogado 325 vezes
  • A pontuação média é 14 de 15
Estatísticas das Respostas
Hint Resposta % Correto
Carbono C
100%
Hidrogénio H
100%
Boro B
99%
Oxigénio O
99%
Cloro Cl
98%
Ferro Fe
98%
Alumínio Al
97%
Bário Ba
97%
Cálcio Ca
97%
Água H2O
97%
Berílio Be
96%
Colbato Co
96%
Cobre Cu
95%
Ouro Au
93%
Prata Ag
85%
Nenhum quiz correspondente encontrado
Distribuição das Pontuações
Porcentagem de Pessoas com Cada Pontuação
Percentil de Números Respondidos
Sua Pontuação Histórica
Você não jogou esse quiz